| 000 | 00859nam a22002777a 4500 | ||
|---|---|---|---|
| 001 | 5820 | ||
| 003 | DO-SdBNP | ||
| 005 | 20231011124334.0 | ||
| 007 | 5820 | ||
| 008 | 931122s1993 sp | |||| ||spa | ||
| 020 | _a8437611954 | ||
| 040 |
_aBPMSU _bspa _cBPMSU |
||
| 082 | 4 |
_a823.88 _bE42M 1993 _222 |
|
| 100 | 1 |
_aEliot, George _d1819-1880 |
|
| 245 | 1 | 0 |
_aMiddlemarch : _bun estudio de la vida de provincias / _cGeorge Eliot ; edición de Pilar Hidalgo ; traducción de Mª Engracia Pujals |
| 246 | 1 | 3 | _aMiddlemarch |
| 260 |
_aMadrid : _bEdiciones Cátedra, _c1993 |
||
| 300 |
_a954 p. ; _c20 cm _b |
||
| 490 | 0 |
_aLetras universales, _v191 |
|
| 590 | _aInventariado, 2023/VM | ||
| 650 | 4 | _aNovela inglesa. | |
| 700 | 1 |
_aHidalgo, Pilar _eed _d |
|
| 700 | 1 |
_aPujals, María Engracia _etr. |
|
| 910 | _aVMateo V. Control de calidad. BPMSU | ||
| 942 |
_2ddc _cBK |
||
| 999 |
_c8626 _d8626 |
||